Most common languages in Israel - Statistics

General Stats
  • This quiz has been taken 622 times
  • The average score is 6 of 9
Answer Stats
Speakers Answer % Correct
1.5m Arabic
99%
6.5m Hebrew
98%
~4m English
95%
1m Russian
86%
100k Ladino
74%
200k Yiddish
63%
100k Polish
53%
50k Amharic
33%
200k Romanian
31%
No matching quizzes found
Score Distribution
Percent of People with Each Score
Percentile by Number Answered
Your Score History
You have not taken this quiz